Lean branding : creating dynamic brands to generate conversion.
| Main Author: | |
|---|---|
| Format: | Book |
| Published: |
Cambridge:
O'Reilly,
2015.
|
| Subjects: |
| LEADER | 00499cam a2200169 7i4500 | ||
|---|---|---|---|
| 001 | 0000032395 | ||
| 005 | 20150813090000.0 | ||
| 020 | 0 | 0 | |a 9781449373023 |
| 090 | 0 | 0 | |a B 658.8 |b BUS |
| 100 | 1 | 0 | |a Busche, Laura |
| 245 | 1 | 0 | |a Lean branding : |b creating dynamic brands to generate conversion. |
| 260 | 0 | 0 | |a Cambridge: |b O'Reilly, |c 2015. |
| 300 | # | # | |a 278 pages. |
| 650 | 0 | 0 | |a Brand name products |
| 650 | 0 | 0 | |a Success in business |
| 650 | 0 | 0 | |a New products |
| 999 | |a B000036183 |b Book |c Book |e Business Information Centre | ||


